Численное исследование сжигания низкосортного бурого угля Таловского месторождения в топочной камере котла БКЗ-220-100; Неделя науки СПбПУ; Ч. 1
| Parent link: | Неделя науки СПбПУ: материалы научного форума с международным участием, г. Санкт-Петербург, 30 ноября - 5 декабря 2015 г./ Институт энергетики и транспортных систем Санкт-Петербургского государственного политехнического университета Петра Великого.— , 2015 Ч. 1.— 2015.— [С. 133-137] |
|---|---|
| Autore principale: | |
| Ente Autore: | |
| Altri autori: | |
| Riassunto: | Заглавие с экрана Режим доступа: по договору с организацией-держателем ресурса |
| Lingua: | russo |
| Pubblicazione: |
2015
|
| Soggetti: | |
| Accesso online: | http://elibrary.ru/item.asp?id=25407358 |
| Natura: | Elettronico Capitolo di libro |
| KOHA link: | https://koha.lib.tpu.ru/cgi-bin/koha/opac-detail.pl?biblionumber=649101 |
MARC
| LEADER | 00000naa0a2200000 4500 | ||
|---|---|---|---|
| 001 | 649101 | ||
| 005 | 20250905092806.0 | ||
| 035 | |a (RuTPU)RU\TPU\network\14262 | ||
| 035 | |a RU\TPU\network\14215 | ||
| 090 | |a 649101 | ||
| 100 | |a 20160620d2015 k y0rusy50 ca | ||
| 101 | 0 | |a rus | |
| 102 | |a RU | ||
| 135 | |a drcn ---uucaa | ||
| 181 | 0 | |a i | |
| 182 | 0 | |a b | |
| 200 | 1 | |a Численное исследование сжигания низкосортного бурого угля Таловского месторождения в топочной камере котла БКЗ-220-100 |f В. П. Сёмушкин, Е. С. Воронцова | |
| 203 | |a Текст |c электронный | ||
| 300 | |a Заглавие с экрана | ||
| 320 | |a [Библиогр.: с. 137 (5 назв.)] | ||
| 333 | |a Режим доступа: по договору с организацией-держателем ресурса | ||
| 461 | |t Неделя науки СПбПУ |o материалы научного форума с международным участием, г. Санкт-Петербург, 30 ноября - 5 декабря 2015 г. |f Институт энергетики и транспортных систем Санкт-Петербургского государственного политехнического университета Петра Великого |d 2015 | ||
| 463 | |t Ч. 1 |v [С. 133-137] |d 2015 | ||
| 610 | 1 | |a электронный ресурс | |
| 610 | 1 | |a труды учёных ТПУ | |
| 610 | 1 | |a численные исследования | |
| 610 | 1 | |a бурый уголь | |
| 610 | 1 | |a Таловское месторождение | |
| 610 | 1 | |a БКЗ-220-100 | |
| 610 | 1 | |a котлы | |
| 610 | 1 | |a топочные камеры | |
| 700 | 1 | |a Сёмушкин |b В. П. |g Виталий Петрович | |
| 701 | 1 | |a Воронцова |b Е. С. |c специалист в области теплоэнергетики |c инженер Томского политехнического университета |f 1990- |g Елена Сергеевна |3 (RuTPU)RU\TPU\pers\32871 |9 16719 | |
| 712 | 0 | 2 | |a Национальный исследовательский Томский политехнический университет (ТПУ) |b Энергетический институт (ЭНИН) |b Кафедра парогенераторостроения и парогенераторных установок (ПГС и ПГУ) |3 (RuTPU)RU\TPU\col\18681 |
| 801 | 2 | |a RU |b 63413507 |c 20160620 |g RCR | |
| 856 | 4 | |u http://elibrary.ru/item.asp?id=25407358 | |
| 942 | |c CF | ||